000 00783nam a2200217Ii 4500
003 JO-AjNU
008 230605s9999||||xx |||||||||||||| ||und||
017 _a2010/1/106
040 _aJO-AjNU
_bara
_erda
_cJO-AjNU
041 _aara
050 1 4 _aJS7499.J65.Q32.2010
100 3 _aالقاضي ، راكان نواف,
_eauthor
_950333
245 0 0 _aأثر العوامل والأساليب المستخدمة في فعالية قرارات الحكام الإداريين
250 _aط1
264 3 1 _aدار الخليج ،2010
300 _a195ص
336 _atext
_btxt
_2rdacontent
337 _aunmediated
_bn
_2rdamedia
338 _avolume
_bnc
_2rdacarrier
650 4 _aالحكام الاداريين -- الحكومة المحلية -- المحافظات
_950334
999 _aA22165
_c25733
_d25733